000 00824nam a22002777a 4500
001 5418
003 FISKH
005 20241204134931.0
008 241204b cb ||||| |||| 00| 0 eng d
020 _a078073004508
040 _aFISKH
_beng
_cFISKH
_dFISKH
050 _aTL553.H35
082 _a629.1308996073
100 _aHaskins, Jim
245 _aBlack Eagles :
_b African-americans In Aviation /
_cby Jim Haskins
260 _aNew York :
_bScholastic ;
_c1995 .
300 _a196 pages :
_billustrations ;
_c20 cm .
505 _aZ
520 _aGives a history of the role of African-Americans in aviation.
521 8 _a1160
_bLexile
521 8 _aZ
_bRaz-Plus
650 _aAfrican American History
_vNon-fiction
650 _aaviation
_vNon-fiction
942 _2ddc
_cBK
_n0
999 _c5418
_d5418